Plant myths and traditions in India / (Record no. 1848550)

MARC details
000 -LEADER
fixed length control field 00639cam a2200217 a 4500
003 - CONTROL NUMBER IDENTIFIER
control field OSt
005 - DATE AND TIME OF LATEST TRANSACTION
control field 20260427105540.0
008 - FIXED-LENGTH DATA ELEMENTS--GENERAL INFORMATION
fixed length control field 920529s1991 ii af b 001 0 eng
020 ## - INTERNATIONAL STANDARD BOOK NUMBER
Canceled/invalid ISBN 8121510074
040 ## - CATALOGING SOURCE
Transcribing agency HDL
041 ## - LANGUAGE CODE
Language code of text/sound track or separate title eng
082 ## - DEWEY DECIMAL CLASSIFICATION NUMBER
Classification number 398.4680954 P1
100 1# - MAIN ENTRY--PERSONAL NAME
Personal name Gupta, Shakti M.,
9 (RLIN) 863389
245 10 - TITLE STATEMENT
Title Plant myths and traditions in India /
Statement of responsibility, etc. Shakti M. Gupta ; with a foreword by C. Sivaramamurti.
250 ## - EDITION STATEMENT
Edition statement 2nd rev. ed.
260 ## - PUBLICATION, DISTRIBUTION, ETC.
Place of publication, distribution, etc. New Delhi :
Name of publisher, distributor, etc. Munshiram Manoharlal Publishers,
Date of publication, distribution, etc. 2001.
300 ## - PHYSICAL DESCRIPTION
Extent xiv, 123 p.
650 #0 - SUBJECT ADDED ENTRY--TOPICAL TERM
Topical term or geographic name entry element Plants
General subdivision Mythology
Geographic subdivision India.
9 (RLIN) 1235727
942 ## - ADDED ENTRY ELEMENTS (KOHA)
Source of classification or shelving scheme Colon Classification (CC)
Koha item type Textual
Suppress in OPAC No
Holdings
Withdrawn status Lost status Source of classification or shelving scheme Damaged status Not for loan Home library Current library Date acquired Total Checkouts Date last seen Price effective from Koha item type
    Colon Classification (CC)     Department of History Library Department of History Library 2026-04-27   2026-04-27 2026-04-27 Textual
Copyright @ Delhi University Library System